[Event "FRA-chT U20"]
[Site "Limoges"]
[Date "2014.03.16"]
[Round "2"]
[White "Saab, Rayane"]
[Black "Machiels, Fiona"]
[Result "0-1"]
[WhiteElo "1510"]
[BlackElo "1270"]
[PlyCount "132"]
[EventDate "2014.03.15"]
[EventType "team-match"]
[EventRounds "3"]
[EventCountry "FRA"]
[SourceTitle "EXT 2015"]
[Source "ChessBase"]
[SourceDate "2014.11.20"]
[SourceVersion "1"]
[SourceVersionDate "2014.11.20"]
[SourceQuality "1"]
[WhiteTeam "Bischwiller"]
[BlackTeam "Sautron"]
[WhiteTeamCountry "FRA"]
[BlackTeamCountry "FRA"]

1. e4 c5 2. Nf3 d6 3. d4 cxd4 4. Nxd4 a6 5. Nc3 Nf6 6. Be2 Nc6 7. f4 Qa5 8. 0-0 e6 9. Bd2 Nxd4 10. Nd5 Qd8 11. Nxf6+ Qxf6 12. Bc3 Nxe2+ 13. Qxe2 Qd8 14. f5 e5 15. Bb4 Qb6+ 16. Qf2 Qxb4 17. c3 Qxe4 18. f6 Be6 19. Rae1 Qg6 20. fxg7 Bxg7 21. Re3 f6 22. Qf3 Rb8 23. Qd1 Rd8 24. Qa4+ Bd7 25. Qb3 Bc6 26. Qe6+ Kf8 27. Rg3 Qf7 28. Qf5 Bd7 29. Qf3 b5 30. Qb7 Ke7 31. Rd1 d5 32. Rxd5 Ke8 33. Rgd3 Bh6 34. h3 Rg8 35. Rd6 Bf4 36. Rf3 Rg3 37. Rfd3 Rxd3 38. Rxd3 Qc4 39. Rd1 Qe2 40. Rb1 Qc4 41. Qf3 Bc6 42. Qh5+ Ke7 43. Qxh7+ Kd6 44. Rd1+ Bd5 45. Qf7 Qc5+ 46. Kh1 Kc6 47. Qxf6+ Rd6 48. Qf8 Bxg2+ 49. Kxg2 Rxd1 50. Qc8+ Kd5 51. Qg8+ Ke4 52. Qa8+ Qd5 53. Qxd5+ Kxd5 54. Kf3 Rd2 55. b3 Rxa2 56. c4+ bxc4 57. bxc4+ Kxc4 58. h4 Kd3 59. h5 e4+ 60. Kxf4 e3 61. h6 Rh2 62. Kg3 Rxh6 63. Kg2 Kd2 64. Kg1 e2 65. Kg2 Rg6+ 66. Kh2 e1Q 0-1